000 01338nam a2200301 i 4500
003 EG-GICUC
005 20260121101249.0
008 251119s1990 le ||||fr|||| 001 0 ara d
040 _a EG-GICUC
_bara
_c EG-GICUC
_d EG-GICUC
_erda
041 _aara
082 0 4 _a343.411
_bغ س . ق
_221
092 0 4 _221
099 _aLaw1 10 343.411 غ س . ق 1990 1006939
100 0 _aغسان رباح.
_eمؤلف.
245 1 0 _aقانون العقوبات الاقتصادي :
_bالجرائم الاقتصادية والقضاء المالي في التشريعات العربية : دراسة مقارنة حول الجرائم النقدية والمصرفية والجمركية والضريبية وجميع جرائم التجار /
_cالدكتور غسان رباح.
264 1 _aبيروت :
_bمنشورات بحسون الثقافية،
_c1990.
300 _a346 صفحة ؛
_c24 سم.
336 _2rda content
_atext
337 _2rda media
_aComputer
338 _2rda carrier
_aOnline Resource
504 _aيشتمل على ارجاعات ببليوجرافية.
546 _aالنص باللغة العربية
650 1 _aقانون العقوبات الإقتصادي.
_2qrmak
651 1 _2qrmak
856 4 0 _uhttps://fll.law.cu.edu.eg/fulltext/bks/B10-06939.pdf
905 _a18
942 _2ddc
_n0
_cBK
_e21
999 _c44871
_d44871